2024-25 Fenerbahçe Squad - Statistics

General Stats
  • This quiz has been taken 61 times
  • The average score is 25 of 39
Answer Stats
Position Nationality Jersey Player % Correct
GK Croatia 40 Dominik Livakovic
98%
LW Serbia 10 Dusan Tadic
96%
ST Bosnia 9 Edin Dzeko
96%
CB Ghana 6 Alexander Djiku
93%
CM Brazil 13 Fred Rodrigues de Paula Santos
93%
DM Morocco 34 Sofyan Amrabat
91%
ST Morocco 19 Youssef En-Nesyri
91%
GK Türkiye 1 İrfan Can Eğribayat
89%
RW Turkey 17 İrfan Can Kahveci
89%
AM Poland 53 Sebastian Szymanski
89%
RB Nigeria 21 Bright Osayi-Samuel
87%
CB Turkey 4 Çağlar Söyüncü
85%
LB Serbia 18 Filip Kostic
85%
RW Turkey 70 Oğuz Aydın
85%
LW France 97 Allan Saint-Maximin
83%
ST Turkey 23 Cenk Tosun
83%
AM Turkey 8 Mert Hakan Yandaş
83%
RB Turkey 16 Mert Müldür
83%
LB Netherlands 24 Jayden Oosterwolde
81%
M Portugal - Jose Mourinho
81%
CB Brazil 50 Rodrigo Nascimento França Becao
81%
DM Turkey 5 İsmail Yüksek
80%
RW Turkey 20 Cengiz Ünder
72%
GK Türkiye 54 Ertuğrul Çetin
70%
CB Turkey 3 Samet Akaydin
67%
LB Turkey 22 Münir Levent Mercan
63%
CB Turkey 95 Yusuf Akçiçek
63%
DM Turkey 28 Bartuğ Elmaz
44%
CB Turkey - Serdar Aziz
41%
RW Turkey - Burak Kapacak
19%
LW Turkey - Yiğit Emir Ekiz
17%
CM Turkey 42 Muhammet Zeki Dursun
15%
AM Turkey 80 Mustafa Arda Akkaş
13%
LW Turkey 80 Kaan Akyazı
9%
GK Türkiye 84 Ömer Bircan Camcı
9%
DM Turkey 81 Şükür Toğrak
9%
DM Turkey - Mustafa Sezai Gülmez
7%
CB Turkey - Metehan Kurt
6%
CB Turkey - Muharrem Çizgili
6%
No matching quizzes found
Score Distribution
Percent of People with Each Score
Percentile by Number Answered
Your Score History
You have not taken this quiz